DRASTIBADHIT VIDHARTHIYON KI SAMASYA (Record no. 26664)

MARC details
000 -LEADER
fixed length control field 00294nam a22001337a 4500
003 - CONTROL NUMBER IDENTIFIER
control field SGT
020 ## - INTERNATIONAL STANDARD BOOK NUMBER
International Standard Book Number 9788184575774
082 ## - DEWEY DECIMAL CLASSIFICATION NUMBER
Classification number 371.91,KUM
100 ## - MAIN ENTRY--PERSONAL NAME
Personal name KUMAR SUDIP
245 ## - TITLE STATEMENT
Title DRASTIBADHIT VIDHARTHIYON KI SAMASYA
260 ## - PUBLICATION, DISTRIBUTION, ETC. (IMPRINT)
Place of publication, distribution, etc NEW DELHI
Name of publisher, distributor, etc KANISKA
Year of Publication 2021
300 ## - PAGE DESCRIPTION
No. of Pages 153
942 ## - ADDED ENTRY ELEMENTS (KOHA)
Source of classification or shelving scheme Dewey Decimal Classification
Koha item type Books
Holdings
Withdrawn status Lost status Source of classification or shelving scheme Damaged status Use restrictions Not for loan Collection code Home library Current library Shelving location Date acquired Vendor Name Cost, normal purchase price SGTU Bill Number Full call number Accession No. (Barcode) Date last seen Bill Date Koha item type Total Checkouts
    Dewey Decimal Classification   Restricted Access Not For Loan EDUCATION SGT Engineering Library SGT Engineering Library Reference Book 11/07/2024 ABC PUBLISHERS & DISTRIBUTORS PVT. LTD. 450.00 SGTU IN43 371.91,KUM ED5265 11/07/2024 28/06/2024 Books  
    Dewey Decimal Classification       EDUCATION SGT Engineering Library SGT Engineering Library Text Book 11/07/2024 ABC PUBLISHERS & DISTRIBUTORS PVT. LTD. 450.00 SGTU IN43 371.91,KUM ED5266 11/07/2024 28/06/2024 Books  
    Dewey Decimal Classification       EDUCATION SGT Engineering Library SGT Engineering Library Text Book 11/07/2024 ABC PUBLISHERS & DISTRIBUTORS PVT. LTD. 450.00 SGTU IN43 371.91,KUM ED5267 11/07/2024 28/06/2024 Books